<?xml version="1.0" encoding="UTF-8"?>
<record
    xmlns:xsi="http://www.w3.org/2001/XMLSchema-instance"
    xsi:schemaLocation="http://www.loc.gov/MARC21/slim http://www.loc.gov/standards/marcxml/schema/MARC21slim.xsd"
    xmlns="http://www.loc.gov/MARC21/slim">

  <leader>01666nam a2200361 i 4500</leader>
  <controlfield tag="001">68851</controlfield>
  <controlfield tag="003">ES-MaACL</controlfield>
  <controlfield tag="005">20240509063055.0</controlfield>
  <controlfield tag="007">t|</controlfield>
  <controlfield tag="008">150216m19801981sp           ||||1| spa d</controlfield>
  <datafield tag="020" ind1=" " ind2=" ">
    <subfield code="a">8474560721</subfield>
  </datafield>
  <datafield tag="040" ind1=" " ind2=" ">
    <subfield code="c">ES-MaACL</subfield>
  </datafield>
  <datafield tag="080" ind1=" " ind2=" ">
    <subfield code="a">821.134.1-82"19"</subfield>
  </datafield>
  <datafield tag="100" ind1="1" ind2=" ">
    <subfield code="a">Espriu, Salvador,</subfield>
    <subfield code="d">1913-1985</subfield>
    <subfield code="9">47947</subfield>
  </datafield>
  <datafield tag="245" ind1="1" ind2="0">
    <subfield code="a">Poes&#xED;a / </subfield>
    <subfield code="c">Salvador Espriu ; versi&#xF3;n de Andr&#xE9;s S&#xE1;nchez Robayna y Ram&#xF3;n Pinyol Balasch ; revisi&#xF3;n y pr&#xF3;logo del autor</subfield>
  </datafield>
  <datafield tag="250" ind1=" " ind2=" ">
    <subfield code="a">1&#xAA; ed. biling&#xFC;e</subfield>
  </datafield>
  <datafield tag="260" ind1=" " ind2=" ">
    <subfield code="a">Barcelona : </subfield>
    <subfield code="b">Edicions del Mall, 1980-1981.</subfield>
  </datafield>
  <datafield tag="300" ind1=" " ind2=" ">
    <subfield code="a">3 vol&#xFA;menes ; </subfield>
    <subfield code="c">22 cm.</subfield>
  </datafield>
  <datafield tag="490" ind1="1" ind2=" ">
    <subfield code="a">Obras completas/Salvador Espriu</subfield>
  </datafield>
  <datafield tag="490" ind1="1" ind2=" ">
    <subfield code="a">Llibres del Mall. Ib&#xE9;rica</subfield>
  </datafield>
  <datafield tag="505" ind1="0" ind2=" ">
    <subfield code="a">1. Cementerio de Sinera ; Las horas ; Mrs. Death ; El caminante y el muro ; Final del laberinto -- 2. La piel del toro ; Llibre de Sinera -- 3. Para el libro de Salmos de estos viejos ciegos ; Semana Santa ; Formas y palabras</subfield>
  </datafield>
  <datafield tag="700" ind1="1" ind2=" ">
    <subfield code="a">S&#xE1;nchez Robayna, Andr&#xE9;s.</subfield>
    <subfield code="9">102879</subfield>
    <subfield code="e">pbl</subfield>
  </datafield>
  <datafield tag="700" ind1="1" ind2=" ">
    <subfield code="a">Pinyol-Balasch, R.</subfield>
    <subfield code="9">92242</subfield>
    <subfield code="e">pbl</subfield>
  </datafield>
  <datafield tag="830" ind1="1" ind2=" ">
    <subfield code="a">Obras completas/Salvador Espriu</subfield>
    <subfield code="9">230964</subfield>
  </datafield>
  <datafield tag="830" ind1="1" ind2=" ">
    <subfield code="a">Llibres del Mall. Ib&#xE9;rica</subfield>
    <subfield code="9">230965</subfield>
  </datafield>
  <datafield tag="852" ind1=" " ind2=" ">
    <subfield code="a">ES-MaACL</subfield>
    <subfield code="j">A-13376</subfield>
    <subfield code="b">R.150309</subfield>
    <subfield code="c">DEPO1</subfield>
    <subfield code="d">Olim: N-6376</subfield>
    <subfield code="h">Donaci&#xF3;n: Luis Arrillaga Aldama</subfield>
    <subfield code="p">Vol. 1</subfield>
    <subfield code="9"> 71421</subfield>
  </datafield>
  <datafield tag="852" ind1=" " ind2=" ">
    <subfield code="a">ES-MaACL</subfield>
    <subfield code="j">A-13377</subfield>
    <subfield code="b">R.150309</subfield>
    <subfield code="c">DEPO1</subfield>
    <subfield code="d">Olim: N-6377</subfield>
    <subfield code="h">Donaci&#xF3;n: Luis Arrillaga Aldama</subfield>
    <subfield code="p">Vol. 2</subfield>
    <subfield code="9"> 200838</subfield>
  </datafield>
  <datafield tag="852" ind1=" " ind2=" ">
    <subfield code="a">ES-MaACL</subfield>
    <subfield code="j">A-13378</subfield>
    <subfield code="b">R.150309</subfield>
    <subfield code="c">DEPO1</subfield>
    <subfield code="d">Olim: N-6378</subfield>
    <subfield code="h">Donaci&#xF3;n: Luis Arrillaga Aldama</subfield>
    <subfield code="p">Vol. 3</subfield>
    <subfield code="9">200839</subfield>
  </datafield>
  <datafield tag="903" ind1=" " ind2=" ">
    <subfield code="a">Arrillaga Aldama, Luis,</subfield>
    <subfield code="d">1950-</subfield>
    <subfield code="e">dnr</subfield>
    <subfield code="9">23318</subfield>
  </datafield>
  <datafield tag="942" ind1=" " ind2=" ">
    <subfield code="c">MONOGRAFIA</subfield>
    <subfield code="n">0</subfield>
  </datafield>
  <datafield tag="999" ind1=" " ind2=" ">
    <subfield code="c">68851</subfield>
    <subfield code="d">68851</subfield>
  </datafield>
  <datafield tag="952" ind1=" " ind2=" ">
    <subfield code="0">0</subfield>
    <subfield code="1">0</subfield>
    <subfield code="2">udc</subfield>
    <subfield code="4">0</subfield>
    <subfield code="7">0</subfield>
    <subfield code="a">ATENEOM</subfield>
    <subfield code="b">ATENEOM</subfield>
    <subfield code="c">DEPO1</subfield>
    <subfield code="d">2008-01-17</subfield>
    <subfield code="e">DONACION</subfield>
    <subfield code="h">Vol. 1</subfield>
    <subfield code="l">0</subfield>
    <subfield code="o">A-13376</subfield>
    <subfield code="p">1072099</subfield>
    <subfield code="r">2023-02-23 00:00:00</subfield>
    <subfield code="y">MONOGRAFIA</subfield>
  </datafield>
  <datafield tag="952" ind1=" " ind2=" ">
    <subfield code="0">0</subfield>
    <subfield code="1">0</subfield>
    <subfield code="2">udc</subfield>
    <subfield code="4">0</subfield>
    <subfield code="7">0</subfield>
    <subfield code="a">ATENEOM</subfield>
    <subfield code="b">ATENEOM</subfield>
    <subfield code="c">DEPO1</subfield>
    <subfield code="d">2023-11-14</subfield>
    <subfield code="e">DONACION</subfield>
    <subfield code="h">Vol. 2</subfield>
    <subfield code="l">0</subfield>
    <subfield code="o">A-13377</subfield>
    <subfield code="p">101206130</subfield>
    <subfield code="r">2023-11-14 00:00:00</subfield>
    <subfield code="y">MONOGRAFIA</subfield>
  </datafield>
  <datafield tag="952" ind1=" " ind2=" ">
    <subfield code="0">0</subfield>
    <subfield code="1">0</subfield>
    <subfield code="2">udc</subfield>
    <subfield code="4">0</subfield>
    <subfield code="7">0</subfield>
    <subfield code="a">ATENEOM</subfield>
    <subfield code="b">ATENEOM</subfield>
    <subfield code="c">DEPO1</subfield>
    <subfield code="d">2023-11-14</subfield>
    <subfield code="e">DONACION</subfield>
    <subfield code="h">Vol. 3</subfield>
    <subfield code="l">0</subfield>
    <subfield code="o">A-13378</subfield>
    <subfield code="p">101206131</subfield>
    <subfield code="r">2023-11-14 00:00:00</subfield>
    <subfield code="y">MONOGRAFIA</subfield>
  </datafield>
</record>
